Legislación de menores
Збережено в:
| Автор: | |
|---|---|
| Формат: | Книга |
| Мова: | Іспанська |
| Опубліковано: |
Santiago
Jurídica de Chile
1984
|
| Предмети: | |
| Теги: |
Додати тег
Немає тегів, Будьте першим, хто поставить тег для цього запису!
|
MARC
| LEADER | 00000nam a2200000 a 4500 | ||
|---|---|---|---|
| 001 | UCV2073 | ||
| 003 | CL-VaPUC | ||
| 008 | 911009e19840000CL |||||||||||||||||spa|d | ||
| 082 | 0 | 4 | |a 346.017 |b ZUÑ |2 21 |
| 100 | 0 | |a Zúñiga San Martín, Ana María |e author |9 296297 | |
| 245 | 1 | 0 | |a Legislación de menores |
| 300 | |a 293 p | ||
| 942 | |c BK | ||
| 945 | |d 19911009 00:00:00 | ||
| 260 | |a Santiago |b Jurídica de Chile |c 1984 | ||
| 650 | 0 | |a Niños |9 255605 | |
| 650 | 0 | |a Derecho y legislación |9 255077 | |
| 651 | 7 | |a CHILE |2 CL-VaPUC |9 296298 | |
| 583 | |a last modification |c 20140828 08:18:01 |k Rodrigo Vera | ||
| 999 | |c 209759 |d 209757 | ||
| 952 | |0 0 |1 0 |4 0 |6 346_017000000000000_ZUÑ_1984 |7 0 |8 A |9 185490 |a BIBDER |b BIBDER |d 2019-11-14 |i 2529785 |o 346.017 ZUÑ 1984 |p 2529785 |r 2023-01-25 |w 2019-11-14 |y BK |k DER | ||
| 952 | |0 0 |1 0 |4 0 |6 346_017000000000000_ZUÑ_1984 |7 0 |8 A |9 185491 |a BIBDER |b BIBDER |d 2019-11-14 |i 2529793 |o 346.017 ZUÑ 1984 |p 2529793 |r 2023-01-25 |w 2019-11-14 |y BK |k DER | ||